Olympijské stredisko v Tatranskej Štrbe

Podrobná bibliografia
Médium: Článok
Jazyk:slovenčina
Fyzický popis:Obr. 6
Predmet:

MARC

LEADER 00000nab a2200000 a 4500
001 vtls000580405
003 SK-MaSNL
005 20260304083054.0
008 250425c1996 xo 0 slo
015 |a SNBRB19rr/mm-uuuuu 
035 |a CL0580543 
035 |a urn:nbn:sk:snk-abdpcg 
035 |a (urnnbn)urn:nbn:sk:snk:ar-001r7m 
035 |a (uuid)cf274833-77db-4611-ad80-abdee1e7626a 
040 |a SNKBUCL  |b slo  |c SNKBUCL  |e AACR2 
041 0 |a slo 
044 |a xo  |c SK 
080 |a 725.84/85(437.6):796.9.032.2  |2 1981 
080 |a 796.9.032.2  |2 1981 
245 0 0 |a Olympijské stredisko v Tatranskej Štrbe 
300 |b Obr. 6 
650 0 7 |a Zimné olympijské hry  |2 snkbucl  |9 980754 
650 0 7 |a strediská olympijské  |2 snkbucl  |9 981394 
651 7 |a Tatranská Štrba (Štrba, Slovensko)  |2 snkbucl  |9 54975 
655 7 |a články z novín a časopisov  |2 snkbucl  |9 267496 
773 0 |t Projekt  |g Roč. 38, č. 1 (1996), s. 30-31 
850 |a Slovenská národná knižnica 
852 |a Slovenská národná knižnica 
954 |a odborná, vedecká literatúra pôvodná (slovenská)  |2 lita 
958 |a article19 
958 |a RK 
958 |a SK 
958 |a OND 
958 |a EUIPO 
992 |a RBX 
999 |c 2799443  |d 2801373